MARC

LEADER 00000nam0a2200000 4500
001 161935
005 20231031160108.0
010 |a 0470213655 
035 |a (RuTPU)RU\TPU\book\175607 
090 |a 161935 
100 |a 20090616d1989 m y0rusy50 ca 
101 0 |a eng 
102 |a US 
105 |a a z 001zy 
200 1 |a Checking Experiments in Seguential Mashines  |f A. Bhattacharyya 
210 |a New York  |c John Wiley & Sons  |d 1989 
215 |a 155 с.  |c il. 
320 |a Bibliography: p. 134-146. 
320 |a Glossary: p. 147-150. 
320 |a Index: p. 151-155. 
610 1 |a вычислительная техника 
610 1 |a микропроцессорная техника 
610 1 |a микропроцессоры 
610 1 |a проверка 
610 1 |a исследования 
610 1 |a экспериментальные методы 
610 1 |a английский язык 
675 |a 681.325.65  |v 3 
700 1 |a Bhattacharyya  |b A.  |g Asok 
801 1 |a RU  |b 63413507  |c 20090616  |g PSBO 
801 2 |a RU  |b 63413507  |c 20100303  |g RCR 
942 |c BK